| 000 | 00780nam a22002417a 4500 | ||
|---|---|---|---|
| 005 | 20240530110905.0 | ||
| 008 | 220214s2007 ua g 000 0 ara d | ||
| 017 |
_bمصر. دار الكتب _a2007/7635 |
||
| 020 | _a9770920215 | ||
| 040 |
_aEG-CaGPL _cEG-CaGPL |
||
| 082 | 0 | 4 |
_221 _a326.96 / _bع ت |
| 100 | 0 | _aعايدة العزب موسى | |
| 245 | 1 | 0 |
_aتجارة العبيد فى افريقيا / _cعايدة العزب موسى |
| 250 | _aط. 1 | ||
| 260 |
_aالقاهرة : _bمكتبة الشروق الدولية، _c2007 |
||
| 300 |
_a262 ص. ؛ _c24 سم |
||
| 650 | 0 | 7 |
_2qrmak _aالرقيق |
| 650 | 0 | 7 |
_aالرق _zافريقيا |
| 650 | 0 | 7 |
_2qrmak _aالرق |
| 651 | _2qrmak | ||
| 942 |
_2ddc _cBK |
||
| 999 |
_c66205 _d66205 |
||